| 000 | 01947cam a2200505 4500 | ||
|---|---|---|---|
| 999 |
_c24212 _d24212 |
||
| 001 | vtls012057354 | ||
| 005 | 20260507111201.0 | ||
| 008 | 210607s2021 xo oa grfn 001 0 slo | ||
| 020 |
_a9788055177311 _q(viazané) |
||
| 040 |
_aTTKJF _bslo _cTTKJF _dSNK _erda |
||
| 041 | 1 |
_aslo _heng |
|
| 044 |
_axo _cSK |
||
| 072 | 7 |
_a635 _xZáhradkárstvo _2konspekt |
|
| 072 | 7 |
_a712 _xPlánovanie krajiny. Parky. Záhrady _2konspekt |
|
| 080 |
_a635.047 _22011 |
||
| 080 |
_a635 _22011 |
||
| 080 |
_a712.3/.7 _22011 |
||
| 080 |
_a(0.062) _22011 |
||
| 100 | 1 |
_aGriffiths, Alistair, _d1975- _4aut _95596 |
|
| 240 | 1 | 0 |
_aYour Wellbeing Garden _lSlovensky |
| 245 | 1 | 0 |
_aMoja pohodová záhrada _bkeď záhrada prináša úžitok a prospieva zdraviu : veda : dizajn : prax _cAlistair Griffiths, Matt Keightley, Annie Gattiová, Zia Allawayová ; ilustrátori Keith Hagan, Nicola Powlingová ; z anglického originálu Your Wellbeing Garden ... preložila Katarína Bukovenová |
| 250 | _aPrvé vydanie | ||
| 264 | 1 |
_aBratislava _bIkar, a.s. - Príroda _c2021 |
|
| 300 |
_a224 strán _bfarebné ilustrácie, fotografie _c24 cm |
||
| 336 |
_atext _btxt _2rdacontent |
||
| 336 |
_astatický obraz _bsti _2rdacontent |
||
| 337 |
_abez média _bn _2rdamedia |
||
| 338 |
_azväzok _bnc _2rdacarrier |
||
| 650 | 0 | 7 |
_azáhrady _2SNKPH _95577 |
| 650 | 0 | 7 |
_azáhradníctvo _2SNKPH _95597 |
| 650 | 0 | 7 |
_azáhradná architektúra _2SNKPH _95581 |
| 650 | 0 | 7 |
_aGardens _2SNKPHeng _95598 |
| 650 | 0 | 7 |
_aHorticulture _2SNKPHeng _94766 |
| 650 | 0 | 7 |
_aGarden architecture _2SNKPHeng _95599 |
| 655 | 7 |
_apopulárno-náučné publikácie _2SNKPH _91486 |
|
| 655 | 7 |
_aPopular works _2SNKPHeng _91487 |
|
| 700 | 1 |
_aKeightley, Matt _4aut _95600 |
|
| 700 | 1 |
_aGatti, Anne _4aut _95601 |
|
| 700 | 1 |
_aAllaway, Zia _4aut _95602 |
|
| 700 | 1 |
_aHagan, Keit _4ill _95603 |
|
| 700 | 1 |
_aPowling, Nicola _4ill _95604 |
|
| 700 | 1 |
_aBukovenová, Katarína _4trl _95605 |
|
| 958 | _aOP | ||
| 958 | _aNB | ||